LIBRARY & INFORMATION CENTRE, KCAET, TAVANUR

ONLINE PUBLIC ACCESS CATALOGUE (OPAC)

ULTRASOUND-ASSISTED EXTRACTION, OPTIMIZATION AND MICROENCAPSULATION OF BIOACTIVE COMPOUNDS FROM INDIAN BAEL LEAVES (Record no. 19624)

MARC details
000 -LEADER
fixed length control field 00621nam a22001937a 4500
003 - CONTROL NUMBER IDENTIFIER
control field OSt
082 ## - DEWEY DECIMAL CLASSIFICATION NUMBER
Classification number 664
Item number FAT/UL
088 ## - REPORT NUMBER
Report number P 649
100 ## - MAIN ENTRY--AUTHOR NAME
Personal name FATHIMA RINSHA K
100 ## - MAIN ENTRY--AUTHOR NAME
Personal name NAYANTHARA S R
100 ## - MAIN ENTRY--AUTHOR NAME
Personal name ARYA P
100 ## - MAIN ENTRY--AUTHOR NAME
Personal name NIRANJAN P J
245 ## - TITLE STATEMENT
Title ULTRASOUND-ASSISTED EXTRACTION, OPTIMIZATION AND MICROENCAPSULATION OF BIOACTIVE COMPOUNDS FROM INDIAN BAEL LEAVES
260 ## - PUBLICATION, DISTRIBUTION, ETC. (IMPRINT)
Place of publication Tavanur
Name of publisher DEPARTMENT OF PROCESSING AND FOOD ENGINEERING
Year of publication 2025
700 ## - ADDED ENTRY--PERSONAL NAME
Personal name RAJESH GK
856 ## - ELECTRONIC LOCATION AND ACCESS
Uniform Resource Identifier http://14.139.181.140:8080/jspui/handle/123456789/2193
942 ## - ADDED ENTRY ELEMENTS (KOHA)
Koha item type Project Report
Holdings
Collection code Home library Current library Full call number Accession Number Koha item type
Reference KAUAET KAUAET 664 FAT/UL P 649 Project Report
free website counter